00714nam a2200193Ia 4500952013700000999001700137003000400154005001700158008004100175020001900216040000900235082002200244100003100266245007500297260003800372300000900410650005100419942005000470 00102ddc40708HISTORYaMESbMEScISLd2019-02-20g695.00l0o956.013092 HUM/Mp38817r2019-02-20 00:00:00w2019-02-20yBKzGL44R4 c21796d21796OSt20200515095816.0190216s9999||||xx |||||||||||||| ||und|| a 9781851684021 coclc a956.013092bHUM/M aHumphreys, R Stephen92350 0a Mu' awiya Ibn Abi Sufyan From Arabia To Empire /cR Stephen Humphreys bOneworld Oxford,c2009.aEngland: a145p 0aHistory & geography92271vIslamic History cBK2ddch956.013092iHUM/Mk956.013092mHUM/M